[Event "AUTO-OPEN-698"]
[Site "http://www.queenalice.com/game.php?id=224807"]
[Date "2007.6.14"]
[Round "1"]
[White "JManoel"]
[Black "pcaldas"]
[Result "1-0"]
[WhiteElo "2122"]
[BlackElo "1165"]

1. d4 e6 2. e4 Bb4+ 3. Bd2 Bxd2+ 4. Nxd2 d5 5. Qg4 Nf6 6. Qxg7 Rg8 7. Qh6 Rg6 8.
Qe3 Nc6 9. O-O-O Ng4 10. Qe1 dxe4 11. Nxe4 Nxd4 12. f3 Ne5 13. c3 Nb3+ 14. axb3
Nd7 15. f4 f5 16. Ng5 Qe7 17. Bc4 c6 18. Nxe6 Nf6 19. Nc7+ Kf8 20. Nxa8 Qe8 21.
Qd2 Nd7 22. Nf3 Nc5 23. Qd4 Ne4 24. Qh8+ 1-0

[Event "AUTO-OPEN-698"]
[Site "http://www.queenalice.com/game.php?id=224810"]
[Date "2007.6.14"]
[Round "1"]
[White "pcaldas"]
[Black "sateyea"]
[Result "0-1"]
[WhiteElo "1169"]
[BlackElo "2082"]

1. e4 e5 2. d3 h6 3. Nf3 Bd6 4. Be2 Nf6 5. O-O O-O 6. Nc3 c6 7. Be3 Bc7 8. d4 d6
9. Qd2 Qe7 10. b3 Nbd7 11. Rad1 Nb6 12. d5 Bd7 13. Bxb6 axb6 14. dxc6 bxc6 15.
a4 Rfd8 16. h3 Nh5 17. Nh2 Nf4 18. Bg4 Bxg4 19. hxg4 Rd7 20. g3 Ng6 21. Nf3 Rad8
22. g5 h5 23. Nh4 Nxh4 24. gxh4 Qe6 25. Kh2 Qg4 0-1

[Event "AUTO-OPEN-698"]
[Site "http://www.queenalice.com/game.php?id=224811"]
[Date "2007.6.14"]
[Round "1"]
[White "sateyea"]
[Black "pcaldas"]
[Result "1-0"]
[WhiteElo "2063"]
[BlackElo "1135"]

1. e4 e5 2. Nf3 d6 3. h3 Nf6 4. Bd3 Be7 5. c3 O-O 6. O-O d5 7. Qe2 Re8 8. Bc2
Be6 9. Nxe5 Qd6 10. d4 Nc6 11. Nxc6 bxc6 12. e5 Qd7 13. exf6 Bxf6 14. Qf3 h6 15.
Qd3 Bf5 16. Qxf5 Qd6 17. Bf4 Qe7 18. Qh7+ Kf8 19. Qh8# 1-0

[Event "AUTO-OPEN-699"]
[Site "http://www.queenalice.com/game.php?id=225228"]
[Date "2007.6.15"]
[Round "1"]
[White "kloosterveen"]
[Black "pcaldas"]
[Result "1-0"]
[WhiteElo "1983"]
[BlackElo "1161"]

1. d4 e6 2. e4 d5 3. e5 Nc6 4. Bb5 Bd7 5. Nf3 Nb8 6. Qd3 Bxb5 7. Qxb5+ Nd7 8.
Qxb7 Qb8 9. Qc6 Bb4+ 10. c3 Be7 11. O-O Nh6 12. Bxh6 gxh6 13. Nbd2 Qc8 14. Nb3
O-O 15. Qb5 c6 16. Qd3 c5 17. Rfc1 c4 18. Qd2 cxb3 19. Qxh6 f5 20. exf6 Rxf6 21.
Qg5+ Kf7 22. Qh5+ Rg6 23. Qxh7+ Kf6 24. Nh4 Nf8 25. Qh8+ Kf7 26. Nxg6 Nxg6 27.
Qxc8 Rxc8 28. axb3 Bg5 29. Rxa7+ Kf6 30. b4 Bxc1 31. Ra2 Re8 32. b3 Kf5 33. c4
dxc4 34. bxc4 1-0

[Event "AUTO-OPEN-699"]
[Site "http://www.queenalice.com/game.php?id=225229"]
[Date "2007.6.15"]
[Round "1"]
[White "pcaldas"]
[Black "kloosterveen"]
[Result "0-1"]
[WhiteElo "1163"]
[BlackElo "1970"]

1. e4 e6 2. d3 c6 3. Nf3 d5 4. Be2 dxe4 5. dxe4 Qxd1+ 6. Bxd1 Bd6 7. O-O Nf6 8.
Nc3 O-O 9. Bg5 Nbd7 10. Bxf6 Nxf6 11. Be2 Bb4 12. Bc4 Bxc3 13. bxc3 Nxe4 14. Bd3
Nxc3 15. Ng5 g6 16. Rfe1 Bd7 17. Re3 Nd5 18. Rf3 f6 19. Ne4 e5 20. Rb1 b6 21.
Bc4 Kg7 22. Rd1 Be6 23. Bxd5 Bxd5 24. Re3 Bxa2 25. Rd7+ Rf7 26. Rxf7+ Bxf7 27.
Rf3 f5 28. Nd6 Bd5 29. Re3 Rd8 30. Nb7 Rd7 31. Rxe5 Rxb7 32. g3 a5 33. Re8 Kf6
34. f4 c5 0-1

[Event "AUTO-OPEN-699"]
[Site "http://www.queenalice.com/game.php?id=225256"]
[Date "2007.6.15"]
[Round "1"]
[White "pcaldas"]
[Black "hoffmann"]
[Result "1-0"]
[WhiteElo "1128"]
[BlackElo "1192"]

1. e4 Nf6 2. d3 d6 3. Bg5 Nbd7 4. Bxf6 Nxf6 5. Nf3 e6 6. Nc3 d5 7. exd5 exd5 8.
d4 Bd6 9. Bb5+ Nd7 10. Bxd7+ Bxd7 11. Nxd5 c6 12. Nc3 Qe7+ 13. Qe2 Be6 14. O-O
O-O 15. Ne4 Bf4 16. g3 f5 17. Ned2 Bh6 18. c3 Rad8 19. h4 b5 20. b3 f4 21. Qe4
1-0

[Event "AUTO-OPEN-699"]
[Site "http://www.queenalice.com/game.php?id=225257"]
[Date "2007.6.15"]
[Round "1"]
[White "hoffmann"]
[Black "pcaldas"]
[Result "0-1"]
[WhiteElo "1173"]
[BlackElo "1147"]

1. Nc3 e5 2. Nf3 d6 3. b4 Bg4 4. Ne4 Bxf3 5. exf3 d5 6. Nc5 Bxc5 7. bxc5 c6 8.
Rb1 Qe7 9. Bd3 Nf6 10. Qe2 O-O 11. Ba3 e4 12. O-O Re8 13. fxe4 dxe4 14. Bc4 Nbd7
15. Rxb7 Rab8 16. Rxa7 Ra8 17. Ra6 Rac8 18. d4 h6 19. Ra7 Ra8 0-1

[Event "AUTO-OPEN-699"]
[Site "http://www.queenalice.com/game.php?id=225258"]
[Date "2007.6.15"]
[Round "1"]
[White "pcaldas"]
[Black "bruno_borges"]
[Result "0-1"]
[WhiteElo "1154"]
[BlackElo "2058"]

1. e4 e5 2. Nf3 Nc6 3. Bb5 a6 4. Bxc6 dxc6 5. Nxe5 Qd4 6. Nf3 Qxe4+ 7. Qe2 Qxe2+
8. Kxe2 Bc5 9. Re1 Be6 10. Kf1 h6 11. d3 Nf6 12. Bf4 O-O-O 13. Nc3 Nd5 14. Be5
Rhg8 15. Nxd5 Bxd5 16. b3 Rd7 17. c4 Bxf3 18. gxf3 Rxd3 19. Bg3 Rxf3 20. Re2 Rd8
21. Rae1 Rfd3 22. Re7 R3d7 23. R7e5 Rd1 24. Re7 Rxe1+ 25. Kxe1 Bxe7 0-1

[Event "AUTO-OPEN-699"]
[Site "http://www.queenalice.com/game.php?id=225259"]
[Date "2007.6.15"]
[Round "1"]
[White "bruno_borges"]
[Black "pcaldas"]
[Result "1-0"]
[WhiteElo "2060"]
[BlackElo "1154"]

1. e4 e5 2. Nf3 d6 3. Bc4 Bg4 4. h3 Bxf3 5. Qxf3 Nf6 6. Nc3 Be7 7. d3 Nc6 8. Be3
Nb4 9. O-O-O O-O 10. g4 g6 11. h4 Qd7 12. Rdg1 b5 13. Bb3 a5 14. g5 Nh5 15. a3
Na6 16. Ne2 a4 17. Bd5 c6 18. Ba2 b4 19. axb4 Nxb4 20. Bc4 a3 21. bxa3 Na6 22.
Ng3 Nxg3 23. fxg3 Nc7 24. h5 Rxa3 25. hxg6 hxg6 26. g4 c5 27. Qh3 1-0

[Event "AUTO-BEG-109"]
[Site "http://www.queenalice.com/game.php?id=225288"]
[Date "2007.6.15"]
[Round "1"]
[White "pcaldas"]
[Black "gniark"]
[Result "0-1"]
[WhiteElo "1135"]
[BlackElo "1376"]

1. e4 e6 2. d3 d5 3. exd5 exd5 4. d4 Bd6 5. Nf3 Nc6 6. Bb5 Ne7 7. Bxc6+ Nxc6 8.
O-O Bg4 9. Nc3 Ne7 10. Bg5 f6 11. Be3 Qd7 12. a3 O-O-O 13. b3 Kb8 14. b4 h5 15.
h3 Bf5 16. Qb1 g5 17. Ne2 g4 18. hxg4 hxg4 19. Nd2 Ng6 20. Qb3 Qh7 21. f3 Qh2+
22. Kf2 gxf3 23. Kxf3 Bg4+ 24. Kxg4 Qh5# 0-1

[Event "AUTO-BEG-109"]
[Site "http://www.queenalice.com/game.php?id=225289"]
[Date "2007.6.15"]
[Round "1"]
[White "gniark"]
[Black "pcaldas"]
[Result "1-0"]
[WhiteElo "1558"]
[BlackElo "1165"]

1. d4 d5 2. c4 dxc4 3. Nf3 e6 4. e4 Nf6 5. e5 Nd5 6. Bxc4 Bb4+ 7. Bd2 Bxd2+ 8.
Nbxd2 O-O 9. O-O Nc6 10. Rc1 Ncb4 11. a3 Nc6 12. b4 a6 13. Qc2 b5 14. Bxd5 Bb7
15. Bxc6 Bxc6 16. Qxc6 h6 17. Qxc7 Qd5 18. Rc5 Qd8 19. Qxd8 Rfxd8 20. Rfc1 f5
21. Rc6 Re8 22. Nb3 g5 23. h3 Kg7 24. Nc5 Kf7 25. Nxa6 Re7 26. Nc7 Rc8 27. Nxb5
1-0

[Event "AUTO-BEG-109"]
[Site "http://www.queenalice.com/game.php?id=225290"]
[Date "2007.6.15"]
[Round "1"]
[White "pcaldas"]
[Black "dlabedz"]
[Result "0-1"]
[WhiteElo "1150"]
[BlackElo "1329"]

1. e4 d5 2. exd5 Qxd5 3. Nc3 Qe6+ 4. Be2 c6 5. Nf3 c5 6. O-O Na6 7. Bxa6 bxa6 8.
Re1 Qf6 9. a3 e6 10. d3 Bb7 11. Bg5 Qf5 0-1

[Event "AUTO-BEG-109"]
[Site "http://www.queenalice.com/game.php?id=225291"]
[Date "2007.6.15"]
[Round "1"]
[White "dlabedz"]
[Black "pcaldas"]
[Result "1-0"]
[WhiteElo "1338"]
[BlackElo "1141"]

1. d4 e6 2. e4 d5 3. e5 Bb4+ 4. c3 Be7 5. Bd3 Nc6 6. a4 b6 7. b4 Nb8 8. b5 h6 9.
f3 f6 10. f4 a5 11. Qe2 fxe5 12. Qxe5 1-0

[Event "AUTO-BEG-109"]
[Site "http://www.queenalice.com/game.php?id=225292"]
[Date "2007.6.15"]
[Round "1"]
[White "pcaldas"]
[Black "kanibal"]
[Result "0-1"]
[WhiteElo "1169"]
[BlackElo "1519"]

1. e4 e5 2. Nf3 Nc6 3. Bb5 Qf6 4. Bxc6 dxc6 5. O-O Nh6 6. Nc3 Bb4 7. a3 Bxc3 8.
dxc3 O-O 9. Bg5 Qg6 10. Bxh6 Qxh6 11. h3 f6 12. b4 Be6 13. a4 Bc4 14. Re1 b5 15.
Qd7 g5 16. Rad1 Rad8 17. Qxc7 Rc8 18. Qxa7 g4 19. Nd2 gxh3 0-1

[Event "AUTO-BEG-109"]
[Site "http://www.queenalice.com/game.php?id=225293"]
[Date "2007.6.15"]
[Round "1"]
[White "kanibal"]
[Black "pcaldas"]
[Result "1-0"]
[WhiteElo "1521"]
[BlackElo "1167"]

1. Nf3 Nc6 2. d4 d5 3. h3 Nf6 4. Nc3 e6 5. Bg5 Bb4 6. Qd2 Bxc3 7. Qxc3 h6 8.
Bxf6 Qxf6 9. e3 O-O 10. Bb5 Bd7 11. Bxc6 Bxc6 12. Ne5 a6 13. b4 Ba4 14. O-O Qd8
15. f4 f6 16. Ng6 Rf7 17. Qc5 b6 18. Qc3 Kh7 19. Qd3 f5 20. Ne5 1-0

[Event "QA-ANNIV-03"]
[Site "http://www.queenalice.com/game.php?id=225631"]
[Date "2007.6.15"]
[Round "1"]
[White "pcaldas"]
[Black "Cesar"]
[Result "0-1"]
[WhiteElo "1129"]
[BlackElo "1645"]

1. e4 e5 2. Nf3 Nc6 3. Bb5 Nge7 4. Bxc6 Nxc6 5. O-O d6 6. Nc3 Bg4 7. b3 Be7 8.
h3 Bxf3 9. Qxf3 Nd4 10. Qd1 O-O 11. Na4 c6 12. c3 Ne6 13. d3 f5 14. exf5 Nc7 15.
c4 Rxf5 16. Qg4 Qf8 0-1

[Event "Challenge"]
[Site "http://www.queenalice.com/game.php?id=225901"]
[Date "2007.6.16"]
[Round "-"]
[White "HHV"]
[Black "pcaldas"]
[Result "1-0"]
[WhiteElo "1221"]
[BlackElo "1164"]

1. e4 e5 2. Bc4 Bc5 3. Qf3 Nf6 4. g4 O-O 5. g5 Ne8 6. Qg3 d6 7. Qh3 Bxh3 8. Nxh3
c6 9. Rf1 d5 10. exd5 cxd5 11. Bb5 Nd6 12. Bd3 1-0

[Event "Challenge"]
[Site "http://www.queenalice.com/game.php?id=226671"]
[Date "2007.6.17"]
[Round "-"]
[White "pcaldas"]
[Black "vininb"]
[Result "0-1"]
[WhiteElo "1142"]
[BlackElo "1415"]

1. e4 e5 2. Nf3 Nc6 3. Bb5 a6 4. Bxc6 dxc6 5. d3 Nf6 6. Nxe5 Bd6 7. Bf4 O-O 8.
O-O Re8 9. Nc4 Bxf4 10. g3 Bd6 11. a3 b5 12. Ne3 b4 13. Qd2 bxa3 14. bxa3 Bh3
0-1

[Event "Challenge"]
[Site "http://www.queenalice.com/game.php?id=227327"]
[Date "2007.6.19"]
[Round "-"]
[White "pcaldas"]
[Black "sephiroth"]
[Result "0-1"]
[WhiteElo "1153"]
[BlackElo "1219"]

1. e4 Nf6 2. d3 e5 3. Bg5 Be7 4. Bxf6 Bxf6 5. Nf3 O-O 6. Be2 b6 7. O-O d6 8. Nc3
c5 9. a3 a5 10. Rb1 Ba6 11. b4 axb4 12. axb4 cxb4 13. Rxb4 Nc6 14. Rb3 Na5 0-1